00910nam a2200265Ia 4500001000900000003000500009005001700014008004100031010001100072020001800083040000900101082002100110110005500131245009500186260006600281300001400347503000700361504002800368650005100396650003600447650003300483650004700516650002500563710005600588dia_1511CHAP20230119113258.0220117s2006 xx 000 0 und d a171583 a968-818-238-9 cCHAP a323.172 A58 2006 aMéxico. Procuraduría General de la República aAntología sobre derechos indígenas en la procuración de justicia: retos y realidades aMéxico :b Procuraduría General de la República,c2006 ax, 238 p. aD. aIncluye bibliografías aDerechos humanosxGrupos ÉtnicosxMéxico  aDerechos humanosxIndígenas  aDerechos humanosxMéxico  aHuman rightsxIndigenous peoplesxMexico  aHuman rightsxMexico aProcuraduría General de la República (México)